Comentario canónico-moral sobre el decreto Ne temere de la Sagrada Congregación del Concilio del 2 de agosto de 1907, acerca de los esponsales y del matrimonio

সংরক্ষণ করুন:
গ্রন্থ-পঞ্জীর বিবরন
প্রধান লেখক: Ramírez Lastarria, Lisandro (Author)
বিন্যাস: গ্রন্থ
ভাষা:স্প্যানিশ
প্রকাশিত: Santiago San José 1910
সংস্করন:1a. ed
বিষয়গুলি:
ট্যাগগুলো: ট্যাগ যুক্ত করুন
কোনো ট্যাগ নেই, প্রথমজন হিসাবে ট্যাগ করুন!

MARC

LEADER 00000cam a2200000 a 4500
001 UCL5418
003 CL-VaPUC
008 040312e19100000CL |||||||||||||||||spa|d
082 0 4 |a 262.9  |b RAM  |2 21 
100 0 |a Ramírez Lastarria, Lisandro  |e author  |9 483170 
245 1 0 |a Comentario canónico-moral sobre el decreto Ne temere de la Sagrada Congregación del Concilio del 2 de agosto de 1907, acerca de los esponsales y del matrimonio 
250 |a 1a. ed 
300 |a 321 p 
942 |c BK 
945 |d 20040312 00:00:00  |a vberengu 
260 |a Santiago  |b San José  |c 1910 
650 7 |a DERECHO CANONICO  |2 CL-VaPUC  |9 483171 
650 7 |a MATRIMONIO  |2 CL-VaPUC  |9 483172 
650 0 |a Sacramentos   |9 257270 
650 0 |a Documentos pontificios   |9 255642 
583 |a last modification  |c 20160603 10:37:44  |k Rodrigo Vera 
999 |c 308024  |d 308022 
952 |0 0  |1 0  |4 0  |6 262_900000000000000_RAM_1910  |7 0  |8 X  |9 374232  |a BIBTEO  |b BIBTEO  |c TEO_FFR  |d 2019-11-21  |i 3369293  |o 262.9 RAM 1910  |p 3369293  |r 2024-01-18  |w 2019-11-21  |y BK_X  |k ICR 
952 |0 0  |1 0  |4 0  |6 262_900000000000000_RAM_1910  |7 0  |8 X  |9 374233  |a FDOBUD  |b FDOBUD  |d 2019-11-21  |i 1040103  |o 262.9 RAM 1910  |p 1040103  |r 2019-11-21  |w 2019-11-21  |y BK_X  |k BUD 
952 |0 0  |1 0  |3 erd  |4 0  |6 262_900000000000000_RAM_1910  |7 0  |8 X  |9 374234  |a BIBTEO  |b BIBTEO  |c TEO_FFR  |i 5232716  |o 262.9 RAM 1910  |p 5232716  |r 2024-01-18  |w 2019-11-21  |y BK_X  |z Catalogado en:20160603  |k OFM